000 00309nam a22001337a 4500
020 _a978-0-143-41457-5
082 _a001
_bBRY/A
100 _aBRYAN, KIM
245 _aASK ME ANYTHING
260 _aGREAT BRITAIN
_bDK LIMITED
_c2009
300 _a301
650 _aGENERAL KNOWLEDGE
_zGREAT BRITAIN
942 _cBK
999 _c1859
_d1859